MARC details
| 000 -LEADER |
| fixed length control field |
02109cam a2200541Ia 4500 |
| 001 - CONTROL NUMBER |
| control field |
sky238594477 |
| 003 - CONTROL NUMBER IDENTIFIER |
| control field |
SKY |
| 005 - DATE AND TIME OF LATEST TRANSACTION |
| control field |
20230623105758.0 |
| 008 - FIXED-LENGTH DATA ELEMENTS--GENERAL INFORMATION |
| fixed length control field |
140502t20082005nyuab b 000 1 eng d |
| 010 ## - LIBRARY OF CONGRESS CONTROL NUMBER |
| LC control number |
2010284290 |
| 020 ## - INTERNATIONAL STANDARD BOOK NUMBER |
| International Standard Book Number |
9780545088381 (pbk.) |
| 020 ## - INTERNATIONAL STANDARD BOOK NUMBER |
| International Standard Book Number |
0545088380 (pbk.) |
| 035 ## - SYSTEM CONTROL NUMBER |
| System control number |
(OCoLC)227179040 |
| 040 ## - CATALOGING SOURCE |
| Original cataloging agency |
JSY |
| Transcribing agency |
JSY |
| Modifying agency |
BAKER |
| -- |
OCLCQ |
| -- |
DLC |
| -- |
JRR |
| -- |
SKYRV |
| 041 ## - LANGUAGE CODE |
| Language code of text/sound track or separate title |
eng |
| 050 00 - LIBRARY OF CONGRESS CALL NUMBER |
| Classification number |
PZ7.M507 |
| Item number |
Jew 2008 |
| 082 00 - DEWEY DECIMAL CLASSIFICATION NUMBER |
| Classification number |
[Fic] |
| Edition number |
23 |
| 100 ## - MAIN ENTRY--PERSONAL NAME |
| Personal name |
Meadows, Daisy. |
| Authority record control number |
(local)423871. |
| 245 14 - TITLE STATEMENT |
| Title |
The Jewel fairies collection. |
| Number of part/section of a work |
Volume 1, |
| Name of part/section of a work |
Books 1-4 / |
| Statement of responsibility, etc. |
by Daisy Meadows ; illustrated by Georgie Ripper. |
| 260 ## - PUBLICATION, DISTRIBUTION, ETC. (IMPRINT) |
| Place of publication, distribution, etc. |
New York : |
| Name of publisher, distributor, etc. |
Scholastic, |
| Date of publication, distribution, etc. |
2008, c2005. |
| 300 ## - PHYSICAL DESCRIPTION |
| Extent |
271 p. : |
| Other physical details |
ill., map ; |
| Dimensions |
20 cm. |
| 490 ## - SERIES STATEMENT |
| Series statement |
Rainbow Magic Jewel Fairies. |
| 490 1# - SERIES STATEMENT |
| Series statement |
Rainbow magic. |
| 490 1# - SERIES STATEMENT |
| Series statement |
Little apple. |
| 500 ## - GENERAL NOTE |
| General note |
"Four books in one!!"--Cover. |
| 500 ## - GENERAL NOTE |
| General note |
Originally published individualy in the U.S.A. by Little Apple Paprebacks. |
| 505 0# - FORMATTED CONTENTS NOTE |
| Formatted contents note |
Book 1: India, the moonstone fairy -- Book 2: Scarlett, the garnet fairy -- Book 3:Emily, the emerald fairy -- Book 4: Chloe, the topaz fairy. |
| 521 0# - TARGET AUDIENCE NOTE |
| Target audience note |
2. |
| 521 1# - TARGET AUDIENCE NOTE |
| Target audience note |
006-009. |
| 650 #0 - SUBJECT ADDED ENTRY--TOPICAL TERM |
| Topical term or geographic name as entry element |
Fairies |
| Form subdivision |
Juvenile fiction. |
| Authority record control number |
(local)342535. |
| 650 #0 - SUBJECT ADDED ENTRY--TOPICAL TERM |
| Topical term or geographic name as entry element |
Moonstones |
| Form subdivision |
Juvenile fiction. |
| Authority record control number |
(local)537271. |
| 650 #0 - SUBJECT ADDED ENTRY--TOPICAL TERM |
| Topical term or geographic name as entry element |
Garnet |
| Form subdivision |
Juvenile fiction. |
| Authority record control number |
(local)530027. |
| 650 #0 - SUBJECT ADDED ENTRY--TOPICAL TERM |
| Topical term or geographic name as entry element |
Emeralds |
| Form subdivision |
Juvenile fiction. |
| Authority record control number |
(local)536271. |
| 650 #0 - SUBJECT ADDED ENTRY--TOPICAL TERM |
| Topical term or geographic name as entry element |
Topaz |
| Form subdivision |
Juvenile fiction. |
| Authority record control number |
(local)845762. |
| 650 #0 - SUBJECT ADDED ENTRY--TOPICAL TERM |
| Topical term or geographic name as entry element |
Magic |
| Form subdivision |
Juvenile fiction. |
| Authority record control number |
(local)342530. |
| 650 #0 - SUBJECT ADDED ENTRY--TOPICAL TERM |
| Topical term or geographic name as entry element |
Theft |
| Form subdivision |
Juvenile fiction. |
| Authority record control number |
(local)344428. |
| 650 #0 - SUBJECT ADDED ENTRY--TOPICAL TERM |
| Topical term or geographic name as entry element |
Frost, Jack (Fictitious character) |
| Form subdivision |
Juvenile fiction. |
| Authority record control number |
(local)461546. |
| 650 #1 - SUBJECT ADDED ENTRY--TOPICAL TERM |
| Topical term or geographic name as entry element |
Fantasy. |
| Authority record control number |
(local)332841. |
| 655 #7 - INDEX TERM--GENRE/FORM |
| Genre/form data or focus term |
Fantasy fiction. |
| Source of term |
gsafd |
| Authority record control number |
(local)339114. |
| 700 ## - ADDED ENTRY--PERSONAL NAME |
| Personal name |
Ripper, Georgie. |
| Relator term |
ill. |
| Authority record control number |
(local)423867. |
| 740 0# - ADDED ENTRY--UNCONTROLLED RELATED/ANALYTICAL TITLE |
| Uncontrolled related/analytical title |
India, the moonstone fairy. |
| 740 0# - ADDED ENTRY--UNCONTROLLED RELATED/ANALYTICAL TITLE |
| Uncontrolled related/analytical title |
Scarlett, the garnet fairy. |
| 740 0# - ADDED ENTRY--UNCONTROLLED RELATED/ANALYTICAL TITLE |
| Uncontrolled related/analytical title |
Emily, the emerald fairy. |
| 740 0# - ADDED ENTRY--UNCONTROLLED RELATED/ANALYTICAL TITLE |
| Uncontrolled related/analytical title |
Chloe, the topaz fairy. |
| 800 1# - SERIES ADDED ENTRY--PERSONAL NAME |
| Personal name |
Meadows, Daisy. |
| Title of a work |
Rainbow magic ; |
| Authority record control number |
(local)426470. |
| 830 #0 - SERIES ADDED ENTRY--UNIFORM TITLE |
| Uniform title |
Little apple. |
| Authority record control number |
(local)335960. |
| 942 ## - ADDED ENTRY ELEMENTS (KOHA) |
| Koha item type |
Libro/Book |